000 00691nam a2200241Ia 4500
003 OSt
005 20220925203744.0
006 a|||||r|||| 00| 0
007 ta
008 220923b |||||||| |||| 00| 0 eng d
037 _cGeneral Book
040 _aRTL
_cRTL
_beng
041 _2eng
_aeng
082 _aY9(W,5), L0
100 _aWootton Graham
_9120748
245 0 _aInterest groups
260 _aEnglewood
_bCliffs Prentice Hall
_c1970
300 _a116p
_ccm.
490 _aFoundations of Modern Political Science Series Ed by Robert A Dahl
650 _aPolitical Sociology
942 _hY9(W,5), L0
_cGB
_2CC
999 _c547692
_d547692